Autumn of fury : (Record no. 69696)
[ view plain ]
| 000 -LEADER | |
|---|---|
| fixed length control field | 00907cam a2200277 a 4500 |
| 001 - CONTROL NUMBER | |
| control field | 1882778 |
| 003 - CONTROL NUMBER IDENTIFIER | |
| control field | NUST - PNEC |
| 005 - DATE AND TIME OF LATEST TRANSACTION | |
| control field | 20170512123310.0 |
| 008 - FIXED-LENGTH DATA ELEMENTS--GENERAL INFORMATION | |
| fixed length control field | 830813s1983 enkaf b 001 0 eng |
| 010 ## - LIBRARY OF CONGRESS CONTROL NUMBER | |
| LC control number | 83124699 |
| 020 ## - INTERNATIONAL STANDARD BOOK NUMBER | |
| International Standard Book Number | 0233975020 : |
| Terms of availability | £10.95 |
| 040 ## - CATALOGING SOURCE | |
| Original cataloging agency | DLC |
| Transcribing agency | LIBRARY |
| Modifying agency | DLC |
| 043 ## - GEOGRAPHIC AREA CODE | |
| Geographic area code | f-ua--- |
| 050 00 - LIBRARY OF CONGRESS CALL NUMBER | |
| Classification number | DT107.85 |
| Item number | .H39 1983b |
| 082 00 - DEWEY DECIMAL CLASSIFICATION NUMBER | |
| Classification number | 967.054 HEI |
| Edition number | 19 |
| 100 1# - MAIN ENTRY--PERSONAL NAME | |
| Personal name | Haykal, Muḥammad Ḥasanayn. |
| 9 (RLIN) | 423 |
| 245 10 - TITLE STATEMENT | |
| Title | Autumn of fury : |
| Remainder of title | the assassination of Sadat |
| Statement of responsibility, etc. | Mohamed Heikal. |
| 260 ## - PUBLICATION, DISTRIBUTION, ETC. | |
| Place of publication, distribution, etc. | London : |
| Name of publisher, distributor, etc. | Deutsch, |
| Date of publication, distribution, etc. | c.1983 |
| 300 ## - PHYSICAL DESCRIPTION | |
| Extent | xiii, 290 p., [8] p. of plates : |
| Other physical details | ill. ; |
| Dimensions | 24 cm. |
| 504 ## - BIBLIOGRAPHY, ETC. NOTE | |
| Bibliography, etc. note | Includes bibliographical references and index. |
| 600 10 - SUBJECT ADDED ENTRY--PERSONAL NAME | |
| Personal name | Sadat, Anwar, |
| Dates associated with a name | 1918-1981 |
| General subdivision | Assassination. |
| 9 (RLIN) | 424 |
| 650 #0 - SUBJECT ADDED ENTRY--TOPICAL TERM | |
| Topical term or geographic name entry element | Assassination |
| Geographic subdivision | Egypt. |
| 9 (RLIN) | 425 |
| 651 #0 - SUBJECT ADDED ENTRY--GEOGRAPHIC NAME | |
| Geographic name | Egypt |
| General subdivision | Politics and government |
| Chronological subdivision | 1970-1981. |
| 9 (RLIN) | 426 |
| 906 ## - LOCAL DATA ELEMENT F, LDF (RLIN) | |
| a | 7 |
| b | cbc |
| c | orignew |
| d | 2 |
| e | ncip |
| f | 19 |
| g | y-gencatlg |
| 942 ## - ADDED ENTRY ELEMENTS (KOHA) | |
| Source of classification or shelving scheme | |
| Koha item type | Book |
| Withdrawn status | Lost status | Source of classification or shelving scheme | Damaged status | Not for loan | Permanent Location | Current Location | Shelving location | Date acquired | Total Checkouts | Full call number | Barcode | Date last seen | Price effective from | Koha item type |
|---|---|---|---|---|---|---|---|---|---|---|---|---|---|---|
| Pakistan Navy Engineering College (PNEC) | Pakistan Navy Engineering College (PNEC) | 967.054 HEI | PNECLIB-006317 | 10/05/2015 | Book |
